It Was Written Tracklist (Nas) - Statistics

General Stats
  • This quiz has been taken 10 times
  • The average score is 12 of 14
Answer Stats
Hint Answer % Correct
1 Album Intro
89%
10 Black Girl Lost(feat. JoJo Hailey)
89%
14 If I Ruled The World (Imagine That)(feat. Lauryn Hill)
89%
4 I Gave You Power
89%
12 Shootouts
89%
3 Street Dreams
89%
11 Suspect
89%
2 The Message
89%
5 Watch Dem N*ggas(feat. Foxy Brown)
89%
8 Affirmative Action(feat. AZ, Cormega & Foxy Brown)
78%
13 Live N*gga Rap(feat. Mobb Deep)
78%
7 Nas Is Coming(feat. Dr. Dre)
78%
9 The Set Up(feat. Havoc)
67%
6 Take It In Blood
56%
No matching quizzes found
Score Distribution
Percent of People with Each Score
Percentile by Number Answered
Your Score History
You have not taken this quiz